Govt. of
Madhya Pradesh

Ancient Indian Tradition & Mythology PartV̜ (Record no. 13689)

MARC details
000 -LEADER
fixed length control field 003470000a22001450004500
001 - CONTROL NUMBER
control field 001773
003 - CONTROL NUMBER IDENTIFIER
control field MACL
040 ## - CATALOGING SOURCE
Original cataloging agency MACL
090 ## - LOCALLY ASSIGNED LC-TYPE CALL NUMBER (OCLC); LOCAL CALL NUMBER (RLIN)
-- 13766
-- 13765
100 ## - MAIN ENTRY--PERSONAL NAME
Personal name Bhatt, G.P.
245 ## - TITLE STATEMENT
Title Ancient Indian Tradition & Mythology PartV̜
Statement of responsibility, etc. G.P. Bhatt
260 ## - PUBLICATION, DISTRIBUTION, ETC. (IMPRINT)
Place of publication, distribution, etc. Motilal Banarsidass Publishers,
Date of publication, distribution, etc. 1994
650 ## - SUBJECT ADDED ENTRY--TOPICAL TERM
Topical term or geographic name as entry element Religion
942 ## - ADDED ENTRY ELEMENTS (KOHA)
Call number prefix 295
Koha item type Library Membar
Holdings
Withdrawn status Lost status Source of classification or shelving scheme Damaged status Not for loan Home library Current library Date acquired Total Checkouts Full call number Barcode Date last seen Uniform Resource Identifier Price effective from Koha item type
          MACL MACL 15/04/2015   294.59/BHA CRE017692 02/05/2024 13568 15/04/2015 Books